|
|
|
|
| LEADER |
00000nam0a2200000 4500 |
| 001 |
169731 |
| 005 |
20231031163520.0 |
| 010 |
|
|
|a 5120016596
|
| 020 |
|
|
|a RU
|b 90-48793
|
| 035 |
|
|
|a (RuTPU)RU\TPU\book\184095
|
| 090 |
|
|
|a 169731
|
| 100 |
|
|
|a 20091117d1990 k y0rusy5003 ca
|
| 101 |
0 |
|
|a rus
|
| 102 |
|
|
|a UA
|
| 105 |
|
|
|a a z 001zy
|
| 200 |
1 |
|
|a Качество электрошлакового металла
|f Б. И. Медовар, А. К. Цыкуленко, Д. М. Дяченко
|g Академия наук Украинской ССР (АН УССР), Институт электросварки им. Е. О. Патона (ИЭС)
|
| 210 |
|
|
|a Киев
|c Наукова думка
|d 1990
|
| 215 |
|
|
|a 312 с.
|c ил.
|
| 320 |
|
|
|a Библиогр.: с. 292-311.
|
| 610 |
1 |
|
|a электрошлаковый переплав
|
| 610 |
1 |
|
|a электрошлаковое литье
|
| 610 |
1 |
|
|a электрошлаковая сварка
|
| 610 |
1 |
|
|a качество
|
| 610 |
1 |
|
|a электрошлаковый металл
|
| 610 |
1 |
|
|a свойства
|
| 610 |
1 |
|
|a сталь
|
| 610 |
1 |
|
|a крупнотоннажные заготовки
|
| 675 |
|
|
|a 669.187.2
|v 3
|
| 700 |
|
1 |
|a Медовар
|b Б. И.
|g Борис Израилевич
|4 070
|
| 701 |
|
1 |
|a Цыкуленко
|b А. К.
|g Анатолий Константинович
|
| 701 |
|
1 |
|a Дяченко
|b Д. М.
|g Дина Михайловна
|
| 712 |
0 |
2 |
|a Академия наук Украинской ССР (АН УССР)
|b Институт электросварки им. Е. О. Патона (ИЭС)
|c (Киев)
|2 stltpush
|3 (RuTPU)RU\TPU\col\13726
|
| 801 |
|
0 |
|a RU
|b RuMRKP
|c 19950417
|g psbo
|
| 801 |
|
1 |
|a RU
|b 63413507
|c 20091117
|
| 801 |
|
2 |
|a RU
|b 63413507
|c 20100126
|g RCR
|
| 942 |
|
|
|c BK
|